Hd.Bk on house keeping jobs (Record no. 23202)
[ view plain ]
| 000 -LEADER | |
|---|---|
| fixed length control field | 00362nam a2200145Ia 4500 |
| 082 ## - DEWEY DECIMAL CLASSIFICATION NUMBER | |
| Classification number | 354 |
| 100 ## - MAIN ENTRY--PERSONAL NAME | |
| Personal name | Minister of home affairs/new delhi |
| 245 ## - TITLE STATEMENT | |
| Title | Hd.Bk on house keeping jobs |
| 260 ## - PUBLICATION, DISTRIBUTION, ETC. | |
| Name of publisher, distributor, etc. | antroller of publication civil links |
| Place of publication, distribution, etc. | Delhi |
| Date of publication, distribution, etc. | 1981 |
| 300 ## - PHYSICAL DESCRIPTION | |
| Extent | 139 |
| 490 ## - SERIES STATEMENT | |
| Volume/sequential designation | 1 |
| 546 ## - LANGUAGE NOTE | |
| Language note | ENGLISH |
| 654 ## - SUBJECT ADDED ENTRY--FACETED TOPICAL TERMS | |
| Focus term | Hd.Bk on house keeping jobs |
| 942 ## - ADDED ENTRY ELEMENTS (KOHA) | |
| Koha item type | BOOK |
| Withdrawn status | Lost status | Damaged status | Not for loan | Collection | Home library | Current library | Shelving location | Date acquired | Source of acquisition | Cost, normal purchase price | Inventory number | Total Checkouts | Full call number | Barcode | Date last seen | Cost, replacement price | Price effective from | Koha item type |
|---|---|---|---|---|---|---|---|---|---|---|---|---|---|---|---|---|---|---|
| AFT | Fr. Agnel's C.Rodrigues College of Engineering | Fr. Agnel's C.Rodrigues College of Engineering | 17/03/2023 | JAIN BOOK DEPOT | 20.50 | 8399 | 354 | AFT3468 | 17/03/2023 | 20.50 | 17/03/2023 | BOOK |